| 000 | 00545nam a2200181 a 4500 | ||
|---|---|---|---|
| 001 | 534 | ||
| 003 | CDMR | ||
| 005 | 20130327134628.0 | ||
| 008 | 130130s1994||||||||||||||||||||||||||||d | ||
| 020 | _a8481120324 | ||
| 040 |
_aCDMR _bcat _cCDMR |
||
| 245 | 0 | 0 |
_aComunicación social 1994 _b: tendencias : los medios en la configuración del Estado _c[dirección Bernardo Díaz Nosty] |
| 260 |
_aMadrid _c1994 _bFundesco |
||
| 490 | 0 | _aInformes anuales de Fundesco | |
| 700 | 1 |
_91251 _aDíaz Nosty, Bernardo |
|
| 710 | 2 |
_9385 _aFUNDESCO |
|
| 942 |
_cMON _2udc |
||
| 999 |
_c534 _d534 |
||